000 00882nam a2200253Ia 4500
003 OSt
005 20221005111220.0
006 a|||||r|||| 00| 0
007 ta
008 221004b |||||||| |||| 00| 0 hin d
020 _a8181430360 (hbk)
_c495
024 _a96654
037 _b571, 23/03/2009, Vani Prakashan
_cTextual
040 _aCRL
_cCRL
_bhin
041 _2hin
_ahin
082 _aU8.45, 152P3
100 _aशर्मा, नासिरा
245 0 _aजहॉं फव्वारे लहू रोते हैं
246 _aJahaॉan favvāre lahū rote haian
260 _aनई दिल्ली
_bवाणी प्रकाशन भारत
_c2003
300 _a435पृ0
_ccm.
942 _hU8.45, 152P3
_cTEXL
_2cc
999 _c1021174
_d1021174